Československá psychologie časopis pro psychologickou teorii a praxi

Saved in:
Bibliographic Details
Format: Serial
Language:Czech
Published: Praha Academia 2006
Subjects:
Tags: Add Tag
No Tags, Be the first to tag this record!

MARC

LEADER 00000nas2a22000001 4500
001 0109307
005 20100126135038.4
022 |a 0009-062X 
041 0 |a cze 
044 |a CZ 
245 1 0 |a Československá psychologie  |b časopis pro psychologickou teorii a praxi 
264 1 |a Praha  |b Academia  |c 2006 
773 0 |w eu_un_cat*s120607 
610 2 0 |a psychológia 
610 2 0 |a štúdie psychologické